Sabrina Carpenter - Paroles Bed Chem - Statistiques

Statistiques générales
  • Ce quiz a été pris 85 fois
  • Le résultat moyen est 376 sur 439
Statistiques - réponses
Hint Réponse % Correct
a
100%
(A
100%
(Ah)
100%
Outro Ha
100%
ha
100%
Couplet 1 I
100%
me
100%
me,
100%
me?
100%
mm?
100%
Oh,
100%
(Oh,
100%
oh
100%
oh,
100%
Pré-refrain Ooh
100%
(Ooh)
100%
Ooh,
100%
the
100%
be
99%
bed
99%
(bed)
99%
(Bed
99%
chem
99%
(chem)
99%
chem)
99%
go),
99%
we
99%
We
99%
You
99%
you
99%
And
97%
and
97%
cute
97%
good
97%
in
97%
met
97%
white
97%
Who's
97%
with
97%
that
96%
accent?
94%
are
94%
Are
94%
(Are
94%
Refrain But
94%
but
94%
day
94%
jacket
94%
next
94%
really
94%
so
94%
(So
94%
was
94%
Where
94%
free
93%
talk
93%
were
93%
when
93%
bet
91%
both
91%
connect
91%
dress
91%
have
91%
it
91%
my
91%
(My)
91%
sec
91%
up
91%
up,
91%
Your
91%
boy
90%
for
90%
like
90%
Like
90%
rush,
90%
what
90%
send
89%
text
89%
you're
89%
could
87%
Manifest
87%
of
87%
on
87%
talked
87%
I'm
86%
it's
86%
Why
86%
Couplet 2 Come
84%
head
84%
mean
84%
No
84%
no
84%
no,
84%
Out
84%
out?)
84%
thick
84%
thing
84%
week?
84%
week?)
84%
friend
83%
How
83%
know,
83%
know
83%
sweet
83%
sheer
81%
blue
80%
breath,
80%
eyes
80%
all
79%
bad
79%
(bad)
79%
big
79%
got
79%
guy
79%
(Make
79%
at
77%
Maybe
77%
doin'
76%
odds?
76%
scrollin'
76%
things
76%
time
76%
we'd
76%
now
74%
oversized
74%
right
74%
lookin'
73%
That's
73%
that's
73%
wanna
73%
camaraderie
71%
makes
71%
not
71%
sense
71%
sense)
71%
just
70%
down,
69%
goin'
69%
turn
69%
arrive
66%
pick
66%
pull
66%
better
64%
hit
64%
let's
64%
6
63%
9
63%
digress,
63%
obsessed
63%
obsessed)
63%
Said
63%
same
63%
sound
63%
timezone,
61%
even
60%
prophecy
60%
'round
60%
bit
59%
mind,
59%
See
59%
fulfill
57%
than
57%
means
56%
thou?
56%
wide,
56%
'em
53%
set
53%
thermostat's
44%
redundant
43%
art
41%
uponeth
40%
(Yeah,
40%
yeah)
40%
yeah,
39%
baby
17%
little
14%
fade
13%
bеd
1%
bеt
1%
Aucun quiz correspondant
Distribution des résultats
% des personnes avec chaque résultat
Percentile par nombre de réponses
Votre historique - résultats
Vous n’avez pas pris ce quiz